|
|
|
|
| LEADER |
00940nam a2200241 a 4500 |
| 001 |
13026482 |
| 008 |
120910s20112003maua b 001 0 eng d |
| 010 |
|
|
|a 2002043764
|
| 020 |
|
|
|a 0205366929
|
| 020 |
|
|
|a 9788131701966
|
| 040 |
|
|
|a DLC
|c DLC
|d DLC
|c BD-DhAAL
|
| 082 |
0 |
0 |
|a 370.15
|2 21
|
| 100 |
1 |
|
|a Hoy, Anita Woolfolk,
|d 1947-
|
| 245 |
1 |
0 |
|a Educational psychology /
|c Anita Woolfolk.
|
| 250 |
|
|
|a 9th ed.
|
| 260 |
|
|
|a Boston :
|b Pearson/A and B ;
|a New Delhi :
|b Dorling Kindersley,
|c c2003. [Fourth impression 2011]
|
| 300 |
|
|
|a 665 p. :
|b ill. (some col.) ;
|c 28 cm
|
| 504 |
|
|
|a Includes bibliographical references and indexes.
|
| 541 |
|
|
|a 00025976
|
| 650 |
|
0 |
|a Educational psychology.
|
| 852 |
1 |
|
|a Ayesha Abed Library
|j General shelf
|
| 999 |
|
|
|c 12835
|d 12835
|
| 952 |
|
|
|0 0
|1 0
|2 ddc
|4 0
|6 370_150000000000000_HOY
|7 0
|9 21114
|a BRACUL
|b BRACUL
|c GEN
|d 2012-09-11
|e Parama
|g 525.00
|l 7
|m 13
|o 370.15 HOY
|p 3010025976
|r 2023-01-22
|s 2023-01-08
|t 1
|w 2012-09-11
|y BK
|